<?xml version='1.0' encoding='UTF-8'?>
  <record xmlns="http://www.loc.gov/MARC21/slim">
    <leader>00000cam a22000007i 4500</leader>
    <controlfield tag="001">ocm64472388</controlfield>
    <controlfield tag="003">OCoLC</controlfield>
    <controlfield tag="005">20260129195649.3</controlfield>
    <controlfield tag="008">870227s1873    ne            000 0 lat d</controlfield>
    <datafield tag="040" ind1=" " ind2=" ">
      <subfield code="a">NLGGC</subfield>
      <subfield code="b">dut</subfield>
      <subfield code="e">fobidrtb</subfield>
      <subfield code="c">NLGGC</subfield>
    </datafield>
    <datafield tag="029" ind1="0" ind2=" ">
      <subfield code="a">NLGGC</subfield>
      <subfield code="b">036747092</subfield>
    </datafield>
    <datafield tag="035" ind1=" " ind2=" ">
      <subfield code="a">(OCoLC)64472388</subfield>
    </datafield>
    <datafield tag="245" ind1="0" ind2="0">
      <subfield code="a">Constitutiones dogmaticae in Sacrosancto oecumenico concilio Vaticano editae et Constitutio SS.Dni Pii PP.IX Apostolicae Sedis de die XII Octobris MDCCCLXIX qua Ecclesiasticae censurae latae sententiae limitantur.</subfield>
    </datafield>
    <datafield tag="260" ind1=" " ind2=" ">
      <subfield code="a">Gestel St.Michaelis :</subfield>
      <subfield code="b">Institutum Surdo-mutorum,</subfield>
      <subfield code="c">1873.</subfield>
    </datafield>
    <datafield tag="300" ind1=" " ind2=" ">
      <subfield code="a">II, 44 p. ;</subfield>
      <subfield code="c">22 cm.</subfield>
    </datafield>
    <datafield tag="336" ind1=" " ind2=" ">
      <subfield code="a">tekst</subfield>
      <subfield code="b">txt</subfield>
      <subfield code="2">rdacontent/dut</subfield>
    </datafield>
    <datafield tag="337" ind1=" " ind2=" ">
      <subfield code="a">zonder medium</subfield>
      <subfield code="b">n</subfield>
      <subfield code="2">rdamedia/dut</subfield>
    </datafield>
    <datafield tag="338" ind1=" " ind2=" ">
      <subfield code="a">band</subfield>
      <subfield code="b">nc</subfield>
      <subfield code="2">rdacarrier/dut</subfield>
    </datafield>
    <datafield tag="530" ind1=" " ind2=" ">
      <subfield code="a">Ook beschikbaar in microvorm.</subfield>
    </datafield>
    <datafield tag="776" ind1="0" ind2=" ">
      <subfield code="t">Constitutiones dogmaticae in Sacrosancto oecumenico concilio Vaticano editae et Constitutio SS.Dni Pii PP.IX Apostolicae Sedis de die XII Octobris MDCCCLXIX qua Ecclesiasticae censurae latae sententiae limitantur</subfield>
      <subfield code="w">(NL-LeOCL)425891003</subfield>
    </datafield>
    <datafield tag="776" ind1="0" ind2=" ">
      <subfield code="t">Constitutiones dogmaticae in Sacrosancto oecumenico concilio Vaticano editae et Constitutio SS.Dni Pii PP.IX Apostolicae Sedis de die XII Octobris MDCCCLXIX qua Ecclesiasticae censurae latae sententiae limitantur</subfield>
      <subfield code="w">(NL-LeOCL)425891011</subfield>
    </datafield>
    <datafield tag="776" ind1="0" ind2=" ">
      <subfield code="t">Constitutiones dogmaticae in Sacrosancto oecumenico concilio Vaticano editae et Constitutio SS.Dni Pii PP.IX Apostolicae Sedis de die XII Octobris MDCCCLXIX qua Ecclesiasticae censurae latae sententiae limitantur</subfield>
      <subfield code="w">(NL-LeOCL)42589102X</subfield>
    </datafield>
    <datafield tag="936" ind1=" " ind2=" ">
      <subfield code="a">BATCHLOAD</subfield>
    </datafield>
  </record>